00517nam a2200157 450000500170000001000150001702000260003203500140005803700130007208200080008510000210009324501040011426000350021827000860025330000200033920191218165327.0 aENG-127203 a9789380200637c499.00 aEN-110735 bDBAD/PUB a332 aFulzee, Snehdeep aDie poor or live rich :cby Snehdeep Fulzelebyour life, your choice secrets to master your money / aMumbaibTV 18 Broadcast c2018 a414, 1st Floor Empire Mills EmpirebSenapati Bapat Marg, Lower (W),Mumbaie400013 a284p.c20cm(Hb)